• 首页
  • 本馆介绍
  • 公告通知
  • 最新文献
  • 馆藏检索
  • 电子资源
  • 读者导购
  • 参考咨询
  • 我的图书馆
  • 登录
  • 详细信息显示
  • 放入我的书架
  • 预约/预借图书
  • 作者相关作品
  • 分类相关作品
  • 丛书相关作品
  • 出版社相关作品

书目信息

  • 表格格式
  • 工作单格式
  • 卡片格式
题名:
太上感应篇集释
    
 
作者: 李昌龄, , 郑清之, 注
分册:  
出版信息: 北京   中央编译出版社  2016
页数: 502页
开本: 21cm
丛书名: 中国道教典籍丛刊
单 册:
中图分类: B951
科图分类:
主题词: 道藏--dao cang
电子资源:
ISBN: 978-7-5117-3075-6
000 00985nam 2200277 450
001 1776533966
005 20170407163317.15
010    @a978-7-5117-3075-6@dCNY52.00
100    @a20161008d2016 em y0chiy50 ea
101 0  @achi
102    @aCN@b110000
105    @ay z 000yy
106    @ar
200 1  @a太上感应篇集释@Atai shang gan ying pian ji shi@f(宋)李昌龄, 郑清之等注@F(song)li chang ling,zheng qing zhi deng zhu
210    @a北京@c中央编译出版社@d2016
215    @a502页@d21cm
225 2  @a中国道教典籍丛刊@Azhong guo dao jiao dian ji cong kan
330    @a本书内容包括:太上感应篇、御注太上感应篇、太上感应篇笺注、太上感应篇集注、太上感应篇缵义。
410  0 @12001 @a中国道教典籍丛刊
605    @a太上感应篇@Atai shang gan ying pian@x注释
606 0  @a道藏@Adao cang
690    @aB951@v5
701  0 @a李昌龄,@Ali chang ling@f宋代@4注
701  0 @a郑清之,@Azheng qing zhi@f宋代@4注
801  0 @aCN@b浙江省新华书店集团公司@c20161008
905    @aBZT@dB951@e2
    
    太上感应篇集释/(宋)李昌龄, 郑清之等注.-北京:中央编译出版社,2016
    502页;21cm.-(中国道教典籍丛刊)
    
    
    ISBN 978-7-5117-3075-6:CNY52.00
    本书内容包括:太上感应篇、御注太上感应篇、太上感应篇笺注、太上感应篇集注、太上感应篇缵义。
●
相关链接 在五车中查询图书 在当当中查询图书 在豆瓣中查询图书


正题名:太上感应篇集释     索取号:B951/2         预约/预借

序号 登录号 条形码 馆藏地/架位号 状态 备注
1 828422   2000828422   第二书库/ [索取号:B951/2] 在馆    
2 828423   2000828423   第二书库/ [索取号:B951/2] 在馆    
3 828424   2000828424   第二书库/ [索取号:B951/2] 在馆    
山东省滨州职业学院图书馆 欢迎您!
大连网信软件有限公司© 版权所有